| 000 | 00740nam a2200193 i 4500 | ||
|---|---|---|---|
| 001 | C2-0221341 | ||
| 003 | PPAK | ||
| 005 | 20180728150917.0 | ||
| 008 | 991024s1998 my |||| ||||| | may d | ||
| 040 |
_aPPAK _beng _cPPAK _erda |
||
| 245 | 0 | 0 | _aTuan Haji Omar Haji Salleh = Haji Omar Kubang Lembu |
| 264 | 1 |
_aAlor Setar, Kedah : _bPerbadanan Perpustakaan Awam Kedah , _c1998 |
|
| 300 |
_a43 pages ; _c30 cm |
||
| 336 |
_2rdacontent _atext |
||
| 337 |
_2rdamedia _aunmediated |
||
| 338 |
_2rdacarrier _avolume |
||
| 500 | _aTemubual antara Pn. Hajah Mazizah Hj. Md. Darus, En. Zahidi Dato' Zainol Rashid dan Tuan Haji Ismail Saleh dengan Y.B Dato' Dr. Afifuddin Hj. Omar ; PK 368/98, PK 369/98 & PK 370/98 ; Transkripsi | ||
| 942 |
_ddc _cB |
||
| 999 |
_c142975 _d142975 |
||